<?xml version="1.0" encoding="UTF-8"?>
<collection xmlns="http://www.loc.gov/MARC21/slim">
<record>
  <controlfield tag="001">149766</controlfield>
  <controlfield tag="005">20251017144601.0</controlfield>
  <datafield tag="024" ind1="7" ind2=" ">
    <subfield code="2">doi</subfield>
    <subfield code="a">10.51302/rtss.2019.1270</subfield>
  </datafield>
  <datafield tag="024" ind1="8" ind2=" ">
    <subfield code="2">sideral</subfield>
    <subfield code="a">118356</subfield>
  </datafield>
  <datafield tag="037" ind1=" " ind2=" ">
    <subfield code="a">ART-2019-118356</subfield>
  </datafield>
  <datafield tag="041" ind1=" " ind2=" ">
    <subfield code="a">spa</subfield>
  </datafield>
  <datafield tag="100" ind1=" " ind2=" ">
    <subfield code="a">López Sánchez, María Caridad</subfield>
    <subfield code="u">Universidad de Zaragoza</subfield>
    <subfield code="0">(orcid)0000-0002-4407-607X</subfield>
  </datafield>
  <datafield tag="245" ind1=" " ind2=" ">
    <subfield code="a">La negociación colectiva en las empresas multiservicios: concurrencia de convenios colectivos</subfield>
  </datafield>
  <datafield tag="260" ind1=" " ind2=" ">
    <subfield code="c">2019</subfield>
  </datafield>
  <datafield tag="506" ind1="0" ind2=" ">
    <subfield code="a">Access copy available to the general public</subfield>
    <subfield code="f">Unrestricted</subfield>
  </datafield>
  <datafield tag="520" ind1="3" ind2=" ">
    <subfield code="a">Analiza la quiebra de los derechos disfrutados por los trabajadores subcontratados a través de empresas multiservicios, respecto de los trabajadores de empresas principales, y de empresas auxiliares especializadas por la vía de la negociación de convenios de empresa. Como se señala  la prioridad aplicativa de los convenios de empresa no es la única causa que ha contribuido en el auge de los convenios de empresas multiservicios: la dificultad en la identificación del convenio de sector aplicable a las empresas multiservicios y, en relación con ello, la existencia de una doctrina jurisprudencial. y administrativa poco clara, que establece la aplicación prevalente del convenio de la empresa multiservicios respecto de la norma convencional de sector, sin determinar el alcance material, también son elementos que han impulsado esta realidad. el ámbito aplica- tivo del convenio de sector, en relación con las materias no enumeradas en el artículo 84.2 del ET y reguladas por un convenio sectorial, cuando concurre con un convenio de empresa, no queda suficientemente definido, sin perjuicio de que, a efectos de subrogación en las relaciones laborales en los supuestos de sucesión de contratas, obiter dicta, los TSJ tienden a considerar la aplicación del convenio de sector.</subfield>
  </datafield>
  <datafield tag="540" ind1=" " ind2=" ">
    <subfield code="9">info:eu-repo/semantics/openAccess</subfield>
    <subfield code="a">by-nc-nd</subfield>
    <subfield code="u">https://creativecommons.org/licenses/by-nc-nd/4.0/deed.es</subfield>
  </datafield>
  <datafield tag="655" ind1=" " ind2="4">
    <subfield code="a">info:eu-repo/semantics/article</subfield>
    <subfield code="v">info:eu-repo/semantics/publishedVersion</subfield>
  </datafield>
  <datafield tag="710" ind1="2" ind2=" ">
    <subfield code="1">4003</subfield>
    <subfield code="2">140</subfield>
    <subfield code="a">Universidad de Zaragoza</subfield>
    <subfield code="b">Dpto. Derecho de la Empresa</subfield>
    <subfield code="c">Área Derecho Trabajo y S.S.</subfield>
  </datafield>
  <datafield tag="773" ind1=" " ind2=" ">
    <subfield code="g">436 (2019), 21-48</subfield>
    <subfield code="t">Trabajo y seguridad social, CEF</subfield>
    <subfield code="x">2792-8314</subfield>
  </datafield>
  <datafield tag="856" ind1="4" ind2=" ">
    <subfield code="s">1124759</subfield>
    <subfield code="u">http://zaguan.unizar.es/record/149766/files/texto_completo.pdf</subfield>
    <subfield code="y">Versión publicada</subfield>
  </datafield>
  <datafield tag="856" ind1="4" ind2=" ">
    <subfield code="s">1415145</subfield>
    <subfield code="u">http://zaguan.unizar.es/record/149766/files/texto_completo.jpg?subformat=icon</subfield>
    <subfield code="x">icon</subfield>
    <subfield code="y">Versión publicada</subfield>
  </datafield>
  <datafield tag="909" ind1="C" ind2="O">
    <subfield code="o">oai:zaguan.unizar.es:149766</subfield>
    <subfield code="p">articulos</subfield>
    <subfield code="p">driver</subfield>
  </datafield>
  <datafield tag="951" ind1=" " ind2=" ">
    <subfield code="a">2025-10-17-14:14:15</subfield>
  </datafield>
  <datafield tag="980" ind1=" " ind2=" ">
    <subfield code="a">ARTICLE</subfield>
  </datafield>
</record>
</collection>